Catálogo

ECHANGE : (Registro nro. 58176)

Detalles MARC
000 -LEADER
fixed length control field 00937nam a2200193 a 4500
001 - CONTROL NUMBER
control field 58176
005 - DATE AND TIME OF LATEST TRANSACTION
control field 20180714054655.0
008 - FIXED-LENGTH DATA ELEMENTS--GENERAL INFORMATION
fixed length control field 140415s2000 sp 000 0 spa d
020 ## - INTERNATIONAL STANDARD BOOK NUMBER
International Standard Book Number 8475777856
041 ## - LANGUAGE CODE
Language code of text/sound track or separate title spa
082 ## - DEWEY DECIMAL CLASSIFICATION NUMBER
Classification number 658.872
Item number ALV
100 1# - MAIN ENTRY--PERSONAL NAME
Personal name ALVARZ ROLDAN, ROBERTO
245 10 - TITLE STATEMENT
Title ECHANGE :
Remainder of title EL LADO HUMANO DE LA ECONOMIA DIGITAL
250 ## - EDITION STATEMENT
Edition statement 1a ed.
260 ## - PUBLICATION, DISTRIBUTION, ETC.
Place of publication, distribution, etc. ESPAÑA :
Name of publisher, distributor, etc. GRANICA,
Date of publication, distribution, etc. 2000
300 ## - PHYSICAL DESCRIPTION
Extent 496
Dimensions 14.6 x 2.3 x 22
520 ## - SUMMARY, ETC.
Summary, etc. ESTE TRABAJO PRESENTA UN TEMA MUY POCO ESTUDIADO HASTA LA ACTUALIDAD, QUE ES RELACIONADO CON EL EFECTO QUE EL COMERCIO ELECTRONICO TIENE EN EL LADO HUMANO DE LAS ORGANIZACIONES . CON UN ENFOQUE ESTRATEGICO , DESAFIANTE EN TERMINOS DE CONTENIDO E IDEAS, ESTE LIBRO ES UNA OPORTUNIDAD UNICA PARA AQUELLOS QUE ESTAN TRATANDO DE CAPTAR EL PENSAMIENTO MAS ACTUAL EN MATERIA DE CAMBIO FRENTE A LA LLEGADA DEL SIGLO XXI.
650 14 - SUBJECT ADDED ENTRY--TOPICAL TERM
Topical term or geographic name entry element COMERCIO
General subdivision COMERCIO (ELECTRONICO)
Existencias
Withdrawn status Lost status Source of classification or shelving scheme Damaged status Not for loan Collection code Home library Current library Shelving location Date acquired Source of acquisition Inventory number Total Checkouts Full call number Barcode Date last seen Price effective from Koha item type
    Dewey Decimal Classification     General Biblioteca Karol Wojtyla Biblioteca Karol Wojtyla Sala general 03/12/2013 Compra 151000000000000000030125   658.872 ALV 87722 05/01/2026 03/12/2013 Libro